1. Personaggi dell'antica Grecia dall'immagine - Statistics

Statistiche generali
  • Questo quiz è stato fatto 75 volte
  • Il punteggio medio è 6 su 10
Statistiche sulle risposte
con Immagini Risposta % Corretto
Platone
94%
Aristotele
86%
Socrate
86%
Alessandro Magno
84%
Pericle
59%
Omero
51%
Leonida
48%
Serse I di Persia
29%
Temistocle
27%
FIlippo II di Macedonia
21%
Nessun quiz corrispondente trovato
Distribuzione punteggi
Percentuale di utenti per punteggio
Percentile per numero di risposta
I tuoi punteggi nel tempo
Non hai fatto questo quiz